Loading...
| Literature - European | 0 | 12 | 0 | 1 | 120 | 40 | 91.58 | 3 | 7 | 31.26 | 58.97 |
| Literature - British | 0 | 10 | 0 | 1 | 100 | 47 | 96.10 | 3 | 8 | 23.89 | 58.72 |
| Literature - American | 0 | 7 | 2 | 1 | 60 | 34 | 86.43 | 2 | 5 | 20.80 | 34.62 |
| Mythology | 0 | 5 | 0 | 0 | 50 | 30 | 84.00 | 1 | 2 | 13.95 | 21.28 |
| Literature - World | 0 | 6 | 2 | 1 | 50 | 47 | 89.50 | 2 | 5 | 15.75 | 31.54 |
| Philosophy | 0 | 4 | 0 | 0 | 40 | 64 | 85.50 | 3 | 4 | 11.63 | 26.92 |
| Social Science | 0 | 3 | 0 | 1 | 30 | 43 | 68.33 | 1 | 2 | 8.79 | 16.67 |
| Fine Arts - Painting and Sculpture | 0 | 3 | 0 | 0 | 30 | 73 | 89.00 | 1 | 3 | 8.26 | 19.23 |
| Science - Other | 0 | 3 | 0 | 0 | 30 | 79 | 89.33 | 1 | 3 | 6.55 | 17.95 |
| History - European | 0 | 2 | 0 | 0 | 20 | 72 | 77.00 | 0 | 1 | 6.28 | 7.69 |
| Other Academic | 0 | 2 | 0 | 0 | 20 | 109 | 110.50 | 1 | 1 | 16.31 | 41.11 |
| Religion | 0 | 2 | 0 | 0 | 20 | 53 | 58.50 | 1 | 2 | 8.81 | 12.31 |
| Pop Culture | 0 | 1 | 0 | 0 | 10 | 97 | 97.00 | 0 | 1 | 9.15 | 16.67 |
| History - American | 0 | 1 | 0 | 0 | 10 | 113 | 113.00 | 0 | 1 | 0.57 | 5.13 |
| Science - Biology | 0 | 1 | 0 | 0 | 10 | 75 | 75.00 | 0 | 1 | 2.80 | 5.13 |
| Fine Arts - Other | 0 | 1 | 0 | 0 | 10 | 93 | 93.00 | 0 | 1 | 2.35 | 6.41 |
| Geography | 0 | 1 | 0 | 0 | 10 | 87 | 87.00 | 1 | 1 | 8.89 | 25.00 |